| 000 | 00345cam a2200133ua 4500 | ||
|---|---|---|---|
| 020 | _a81-7023-297-X | ||
| 082 |
_a333.794 _bANN/WI |
||
| 100 |
_aAnna mani, . _91487 |
||
| 245 | _aWind Energy : Resource survey in India, Vol 1 / | ||
| 250 | _a1 / | ||
| 260 |
_aMumbai : _bAllied Publishers Pvt Ltd , _c1990. |
||
| 300 | _a347 ; . | ||
| 942 | _cREF | ||
| 999 |
_c2022 _d2022 |
||